Zelená podniková ekonomika a jej nástroje bakalárska práca

Na minha lista:
Detalhes bibliográficos
Autor principal: Matisová, Zuzana
Autor Corporativo: Podnikovohospodárska fakulta EU so sídlom v Košiciach. Katedra manažmentu
Outros Autores: Majerník, Milan, 1952-
Formato: Livro
Idioma:eslovaco
Publicado em: Košice 2018
Tags: Adicionar Tag
Sem tags, seja o primeiro a adicionar uma tag!

MARC

LEADER 00000nbm a2200000 4500
001 0245734
005 20181024123422.5
041 0 |a slo 
044 |a SK 
245 1 0 |a Zelená podniková ekonomika a jej nástroje  |b bakalárska práca  |c Zuzana Matisová ; školiteľ: Milan Majerník 
264 1 |a Košice  |c 2018 
300 |a 43 s. 
100 1 |a Matisová, Zuzana 
700 1 |a Majerník, Milan, 1952- 
710 2 |a Podnikovohospodárska fakulta EU so sídlom v Košiciach. Katedra manažmentu